Sports Quiz

Random Sports Quiz
Score 0/93 Timer 10:00
0 Plays Today
Club Answer % Correct
ArsenalAlexandre Lacazette
91.9%
LiverpoolMohamed Salah
86.7%
ChelseaTammy Abraham
86.4%
LiverpoolSadio Mane
86%
BournemouthCallum Wilson
85.6%
BournemouthHarry Wilson
85.6%
NorwichTeemu Pukki
85.5%
Manchester CitySergio Aguero
85%
ArsenalPierre-Emerick Aubameyang
82.9%
Manchester UnitedMarcus Rashford
82.6%
ChelseaMason Mount
81.9%
TottenhamHarry Kane
80.8%
Manchester CityDavid Silva
80.5%
LeicesterJamie Vardy
79.9%
Manchester CityBernardo Silva
79.9%
LiverpoolRoberto Firmino
79.6%
Manchester CityRaheem Sterling
78.9%
TottenhamHeung-Min Son
71.6%
ArsenalNicolas Pepe
70%
BurnleyAshley Barnes
68.9%
LeicesterHarvey Barnes
68.9%
Manchester CityKevin De Bruyne
68.4%
BournemouthJosh King
67.7%
Aston VillaJohn McGinn
65.1%
Aston VillaWesley
64.7%
BurnleyChris Wood
63.9%
Manchester UnitedAnthony Martial
63.9%
LeicesterJames Maddison
61.4%
Manchester CityGabriel Jesus
61.2%
LiverpoolTrent Alexander-Arnold
60.4%
Manchester UnitedDaniel James
59.8%
Club Answer % Correct
LiverpoolVirgil Van Dijk
59.1%
Manchester CityNicolas Otamendi
54.4%
EvertonRicharlison
53.8%
West HamSebastien Haller
52.6%
Manchester CityRiyad Mahrez
50.2%
NorwichTodd Cantwell
49.9%
Newcastle UnitedJoelinton
47.4%
Sheffield UnitedBilly Sharp
46.5%
SouthamptonDanny Ings
44.6%
ChelseaFikayo Tomori
44.2%
LiverpoolJoel Matip
43.7%
LiverpoolDivock Origi
43.1%
TottenhamChristian Eriksen
42.6%
BournemouthRyan Fraser
42%
EvertonDominic Calvert-Lewin
41.9%
WolvesRaul Jimenez
41.6%
ChelseaN'Golo Kante
39.7%
Crystal PalaceJordan Ayew
38.2%
BrightonNeal Maupay
38%
Manchester CityRodri
37%
WolvesRuben Neves
36.7%
TottenhamErik Lamela
36.6%
EvertonAlex Iwobi
35.5%
BournemouthNathan Ake
35.3%
WatfordAndre Gray
34.8%
West HamMark Noble
32.2%
TottenhamTanguy Ndombele
30.3%
Aston VillaDouglas Luiz
29.2%
ArsenalCallum Chambers
28.6%
EvertonBernard
27.9%
TottenhamLucas Moura
27.6%
Club Answer % Correct
ArsenalLucas Torreira
26.4%
Aston VillaAnwar El Ghazi
25.8%
LeicesterYouri Tielemans
25.7%
West HamAndriy Yarmolenko
24.9%
SouthamptonNathan Redmond
24.6%
Sheffield UnitedJohn Lundstram
24.3%
West HamAaron Cresswell
22.9%
LeicesterRicardo Pereira
21%
Sheffield UnitedOliver McBurnie
21%
LeicesterWilfred Ndidi
19.4%
SouthamptonJames Ward-Prowse
19%
Crystal PalacePatrick Van Aanholt
18.8%
Newcastle UnitedJonjo Shelvey
16.6%
Sheffield UnitedCallum Robinson
16.2%
BurnleyJeff Hendrick
15.5%
Newcastle UnitedFabian Schar
15.4%
BrightonFlorin Andone
14.7%
Sheffield UnitedLys Mousset
14.5%
BrightonLeandro Trossard
14.4%
WatfordWill Hughes
13.2%
WolvesPatrick Cutrone
12.6%
Newcastle UnitedJetro Willems
11.9%
SouthamptonJannik Vestergaard
11.7%
WatfordRoberto Pereyya
10.2%
WatfordTom Cleverley
9.3%
West HamJavier Hernandez
8.4%
SouthamptonMoussa Djenepo
7.1%
WolvesRamain Saiss
6.8%
BurnleyJohann Berg Gudmundsson
5.6%
BournemouthChris Mepham
5.4%
NorwichKenny McClean
5.1%
Remove Ads.
Support Sporcle.
Get the best of Sporcle when you Go Orange. This ad-free experience offers more features, more stats, and more fun while also helping to support Sporcle. Thank you for becoming a member.

You're not logged in!

Compare scores with friends on all Sporcle quizzes.
OR
Log In

Show Comments

Extras

Created Sep 27, 2019ReportNominate
Tags:club, far, goal, Scorer, season

Top Quizzes Today


Score Distribution

Your Account Isn't Verified!

In order to create a playlist on Sporcle, you need to verify the email address you used during registration. Go to your Sporcle Settings to finish the process.

Report this User

Report this user for behavior that violates our Community Guidelines.

Details: